Dr. César Milstein : Benefactor de la humanidad
Guardado en:
| Formato: | Libro |
|---|---|
| Idioma: | Spanish |
| Publicado: |
Bahía Blanca :
Bolsa de Comercio de Bahía Blanca,
2007
|
| Etiquetas: |
Agregar Etiqueta
Sin Etiquetas, Sea el primero en etiquetar este registro!
|
| LEADER | 00515nam a22001455a 4500 | ||
|---|---|---|---|
| 001 | DER.der010371 | ||
| 005 | 20101021000000.0 | ||
| 008 | 180615s2007####||||||||||||||||||||spa|| | ||
| 245 | 1 | 0 | |a Dr. César Milstein : |b Benefactor de la humanidad |
| 260 | |a Bahía Blanca : |b Bolsa de Comercio de Bahía Blanca, |c 2007 | ||
| 300 | 0 | |a 50 min. Documental | |
| 309 | |a DVD | ||
| 500 | 0 | |a Homenaje en el 80§ Aniversario de su nacimiento | |
| 500 | 0 | |a Ganadora del premio nacional mejor documental 2008 FUNDTV | |
| 859 | |a DERECHO |b BIB. DERECHO |p 006431 | ||
